01240nam a22002774c 4500003000900000008004100009020001800050040003100068041001900099080001000118100002600128245002100154250002200175264005000197300004100247336002700288337003300315338002800348520037500376521002500751650002700776650002600803942001400829999001300843952010600856AR-BaSMT260427b2025 aga|||br|||| 000 1|spa d a9789878921068 aBSGBbespañolcBSGBerda0 aspahespañol a82-341 aDemarco, Magela 946610aPalabras semilla aPrimera edición 1aBuenos aires : bLa brujita de papel , c2025 a32 páginas ; bilustraciones color 2rdacontentatextobtxt 2rdamediaasin mediaciónbn 2rdacarrieravolumenbnc a¿Alguna vez pensaste que tus palabras o tus acciones podían lastimar? Este inspirador libro-álbum tiene el poder de ponernos a pensar qué palabras usamos y cuál es el impacto que tienen sobre los demás. Descubrí el poder de tus palabras, tus miradas y tus gestos y hacelos germinar.uhttps://www.labrujitadepapel.com.ar/producto/palabras-semilla/ 27/04/2026 aA partir de 7 años 798aLITERATURA INFANTIL 7923aCUENTOzArgentina 2ddcaBOOK c625d625 00102ddc40aBSGBbBSGBcVerdeeCompra Feria del Libro 2026i000873l0o82-34 DEMp000873t1yBOOKf